[Event "Bayern-chTT (LL Nord)"]
[Site "Bayern 2008/09"]
[Date "2008.10.26"]
[Round "2.1"]
[White "Koch, Moritz"]
[Black "Priborsky, Jan"]
[Result "1/2-1/2"]
[WhiteElo "2249"]
[BlackElo "2357"]
[PlyCount "81"]
[EventDate "2009.03.??"]
[EventType "team-tourn"]
[EventRounds "9"]
[WhiteTeam "Puschendorf 1"]
[BlackTeam "Kötzting 1"]

1. e4 c5 2. Nf3 Nc6 3. d4 cxd4 4. Nxd4 e6 5. Nc3 Qc7 6. Be3 Nf6 7. Qd2 a6 8.
O-O-O Bb4 9. f3 Ne5 10. Nb3 b5 11. Qe1 Be7 12. f4 Ng6 13. e5 Ng4 14. Ne4 O-O
15. h3 Nxe3 16. Qxe3 Bb7 17. Bd3 f5 18. exf6 Bxf6 19. Rhf1 Be7 20. g3 Rac8 21.
h4 e5 22. Ng5 exf4 23. gxf4 Rxf4 24. Rxf4 Bxg5 25. hxg5 Nxf4 26. Bf5 Nd5 27.
Qd3 Qf4+ 28. Kb1 Ne3 29. Bxh7+ Kh8 30. Rc1 Bd5 31. Nd2 Qxg5 32. Be4 Bxe4 33.
Nxe4 Qh6 34. Qxd7 Rf8 35. Qe7 Qf4 36. Ng5 Nf1 37. a3 Qf6 38. Qc5 Qf5 39. Qe7
Qf6 40. Qc5 Qf5 41. Qe7 1/2-1/2

[Event "Bayern-chTT (LL Nord)"]
[Site "Bayern 2008/09"]
[Date "2008.10.26"]
[Round "2.2"]
[White "Priborsky, Ivo"]
[Black "Lauer, Moritz"]
[Result "1/2-1/2"]
[WhiteElo "2263"]
[BlackElo "2242"]
[PlyCount "58"]
[EventDate "2009.03.??"]
[EventType "team-tourn"]
[EventRounds "9"]
[WhiteTeam "Kötzting 1"]
[BlackTeam "Puschendorf 1"]

1. e4 e5 2. Nf3 d6 3. d4 Nd7 4. Bc4 c6 5. a4 Be7 6. O-O Ngf6 7. Re1 O-O 8. Nc3
b6 9. Bg5 a6 10. dxe5 Nxe5 11. Nxe5 dxe5 12. Qf3 Nd7 13. Bxe7 Qxe7 14. Ne2 Qc5
15. Bb3 Nf6 16. h3 Be6 17. Ng3 Rad8 18. Qe3 Qxe3 19. Rxe3 Rd6 20. Bxe6 fxe6 21.
f3 Rfd8 22. Kf2 a5 23. Raa3 Nd7 24. Rad3 Nc5 25. Rxd6 Rxd6 26. b3 Na6 27. Ke2
Nb4 28. Rc3 Kf7 29. Nf1 Na2 1/2-1/2

[Event "Bayern-chTT (LL Nord)"]
[Site "Bayern 2008/09"]
[Date "2008.10.26"]
[Round "2.3"]
[White "Lowitz, Torsten"]
[Black "Muehlbauer, Andreas(80)"]
[Result "1/2-1/2"]
[WhiteElo "2067"]
[BlackElo "2110"]
[PlyCount "50"]
[EventDate "2009.03.??"]
[EventType "team-tourn"]
[EventRounds "9"]
[WhiteTeam "Puschendorf 1"]
[BlackTeam "Kötzting 1"]

1. e4 c5 2. Nf3 a6 3. c3 d5 4. exd5 Qxd5 5. d4 e6 6. Bd3 Nf6 7. O-O Nc6 8. Re1
Be7 9. h3 O-O 10. Be3 Rd8 11. Be2 cxd4 12. cxd4 b5 13. Nc3 Qd6 14. a3 Bb7 15.
b4 Rac8 16. Rc1 e5 17. dxe5 Nxe5 18. Qxd6 Bxd6 19. Nxe5 Bxe5 20. Red1 Rxd1+ 21.
Nxd1 Rxc1 22. Bxc1 Ne4 23. Bb2 Bxb2 24. Nxb2 Nc3 25. Bd3 Kf8 1/2-1/2

[Event "Bayern-chTT (LL Nord)"]
[Site "Bayern 2008/09"]
[Date "2008.10.26"]
[Round "2.4"]
[White "Sott, Pavel"]
[Black "Diekers, Michael"]
[Result "1/2-1/2"]
[WhiteElo "2116"]
[BlackElo "2105"]
[PlyCount "39"]
[EventDate "2009.03.??"]
[EventType "team-tourn"]
[EventRounds "9"]
[WhiteTeam "Kötzting 1"]
[BlackTeam "Puschendorf 1"]

1. e4 c5 2. Nc3 e6 3. Nge2 Nc6 4. d4 cxd4 5. Nxd4 Qc7 6. Be3 a6 7. Be2 Nf6 8.
f4 d6 9. Bf3 Be7 10. Qd2 Bd7 11. O-O O-O 12. Kh1 Nxd4 13. Qxd4 Bc6 14. Rae1 e5
15. Qd2 exf4 16. Bxf4 Nd7 17. Nd5 Bxd5 18. exd5 Bf6 19. c3 Ne5 20. Bxe5 1/2-1/2

[Event "Bayern-chTT (LL Nord)"]
[Site "Bayern 2008/09"]
[Date "2008.10.26"]
[Round "2.5"]
[White "Kotz, Reinhard"]
[Black "Muehlbauer, Gerhard"]
[Result "1-0"]
[WhiteElo "2075"]
[BlackElo "1973"]
[PlyCount "73"]
[EventDate "2009.03.??"]
[EventType "team-tourn"]
[EventRounds "9"]
[WhiteTeam "Puschendorf 1"]
[BlackTeam "Kötzting 1"]

1. f4 d5 2. Nf3 c5 3. e3 Nc6 4. Bb5 Bd7 5. Nc3 e6 6. Bxc6 Bxc6 7. Ne5 d4 8.
Nxc6 bxc6 9. Ne4 Qd5 10. Qf3 Be7 11. O-O Nf6 12. Nxf6+ Bxf6 13. e4 Qd7 14. d3
Rb8 15. b3 e5 16. fxe5 Bxe5 17. Bf4 Bxf4 18. Qxf4 O-O 19. Rf3 f6 20. Raf1 Rbe8
21. Qg3 Qe7 22. Rf5 g6 23. h4 Kh8 24. R5f3 Kg7 25. h5 Qe5 26. Qxe5 Rxe5 27. h6+
Kxh6 28. Rxf6 Rxf6 29. Rxf6 Kg5 30. Rf7 h5 31. Rxa7 Kg4 32. Rf7 h4 33. Kf2 g5
34. Rf5 Rxf5+ 35. exf5 Kxf5 36. a4 g4 37. a5 1-0

[Event "Bayern-chTT (LL Nord)"]
[Site "Bayern 2008/09"]
[Date "2008.10.26"]
[Round "2.6"]
[White "Priborsky, Marek"]
[Black "Seregelyes, Csaba"]
[Result "1-0"]
[WhiteElo "2170"]
[BlackElo "2056"]
[PlyCount "81"]
[EventDate "2009.03.??"]
[EventType "team-tourn"]
[EventRounds "9"]
[WhiteTeam "Kötzting 1"]
[BlackTeam "Puschendorf 1"]

1. e4 c5 2. c3 Nf6 3. e5 Nd5 4. d4 cxd4 5. Nf3 e6 6. cxd4 d6 7. Bc4 Nb6 8. Bb3
dxe5 9. Nxe5 Bb4+ 10. Nc3 N8d7 11. Nd3 Be7 12. O-O O-O 13. Bc2 Nf6 14. Ne5 Nbd5
15. a3 b6 16. Qd3 Bb7 17. Qh3 Rc8 18. Re1 b5 19. Bg5 g6 20. Bh6 Re8 21. Nxf7
Qb6 22. Ne5 b4 23. axb4 Bxb4 24. Nxg6 Bxc3 25. Ne5 Re7 26. bxc3 Rxc3 27. Bd3
Qxd4 28. Rad1 Qb6 29. Qh4 Qd8 30. Bxh7+ Rxh7 31. Qg5+ Kh8 32. Ng6+ Kg8 33. Nf8+
Kf7 34. Nxh7 Qg8 35. Nxf6 Nxf6 36. Qxg8+ Nxg8 37. Rd7+ Kg6 38. Rxb7 Nxh6 39.
Rxa7 Kf5 40. Ra5+ Kf6 41. Ra6 1-0

[Event "Bayern-chTT (LL Nord)"]
[Site "Bayern 2008/09"]
[Date "2008.10.26"]
[Round "2.7"]
[White "Sarec, Ivica"]
[Black "Graf, Eduard"]
[Result "0-1"]
[WhiteElo "2016"]
[BlackElo "1863"]
[PlyCount "100"]
[EventDate "2009.03.??"]
[EventType "team-tourn"]
[EventRounds "9"]
[WhiteTeam "Puschendorf 1"]
[BlackTeam "Kötzting 1"]

1. c4 Nf6 2. Nf3 d5 3. cxd5 Qxd5 4. Nc3 Qa5 5. g3 e5 6. Bg2 Bd6 7. O-O O-O 8.
d3 c6 9. a3 h6 10. Rb1 Be6 11. b4 Qc7 12. Nd2 Qd7 13. Nc4 Bc7 14. b5 Nd5 15.
bxc6 bxc6 16. Qc2 Na6 17. Bd2 Nc5 18. Nd1 Na6 19. Nde3 f5 20. Rfc1 f4 21. Nd1
fxg3 22. hxg3 Rf7 23. Nxe5 Bxe5 24. Qxc6 Nac7 25. Qxd7 Rxd7 26. f4 Bd4+ 27. Kh1
Rad8 28. e4 Nf6 29. Ba5 Nfe8 30. Rb4 Na6 31. Rxd4 Rxd4 32. Bxd8 Rxd8 33. Nf2
Rc8 34. Rxc8 Bxc8 35. d4 Nd6 36. Bf1 Bb7 37. Kg1 Nc7 38. a4 Nxe4 39. Bg2 Nd6
40. Bxb7 Nxb7 41. Ne4 Nd5 42. Kf2 Kf7 43. Ke2 Ke6 44. Kd3 Nd6 45. Nc5+ Kf5 46.
a5 h5 47. a6 Kg4 48. Nb7 Nc8 49. Ke4 Nf6+ 50. Ke5 Kxg3 0-1

[Event "Bayern-chTT (LL Nord)"]
[Site "Bayern 2008/09"]
[Date "2008.10.26"]
[Round "2.8"]
[White "Muehlbauer, Wolfgang sr(67)"]
[Black "Steinmueller, Alexander"]
[Result "1-0"]
[WhiteElo "1855"]
[BlackElo "2002"]
[PlyCount "77"]
[EventDate "2009.03.??"]
[EventType "team-tourn"]
[EventRounds "9"]
[WhiteTeam "Kötzting 1"]
[BlackTeam "Puschendorf 1"]

1. d4 Nf6 2. c4 g6 3. Nc3 Bg7 4. Bg5 O-O 5. Qd2 c5 6. Nf3 cxd4 7. Nxd4 a6 8. e4
d6 9. Be2 Nc6 10. Nb3 Be6 11. f3 Rc8 12. Nd5 Bxd5 13. cxd5 Ne5 14. O-O Qd7 15.
Rfc1 Rxc1+ 16. Rxc1 Ne8 17. f4 f6 18. fxe5 fxg5 19. Qxg5 Bxe5 20. Bg4 Qd8 21.
Qe3 e6 22. Bxe6+ Kg7 23. Rc2 Qf6 24. Rf2 Bxh2+ 25. Kf1 Qxf2+ 26. Qxf2 Rxf2+ 27.
Kxf2 Be5 28. Bc8 Nc7 29. Bxb7 Bxb2 30. Nd2 Bd4+ 31. Kf3 Kf6 32. Nc4 Be5 33. a4
h5 34. Ne3 Bd4 35. Nc4 Be5 36. Nb6 Bd4 37. Nd7+ Ke7 38. Nb8 g5 39. Nc6+ 1-0

[Event "Bayern-chTT (LL Nord)"]
[Site "Bayern 2008/09"]
[Date "2008.11.30"]
[Round "3.1"]
[White "Kreuzer, Martin ProfDr"]
[Black "Koch, Moritz"]
[Result "1-0"]
[WhiteElo "2337"]
[BlackElo "2249"]
[PlyCount "121"]
[EventDate "2009.03.??"]
[EventType "team-tourn"]
[EventRounds "9"]
[WhiteTeam "Kelheim 1"]
[BlackTeam "Puschendorf 1"]

1. e4 c5 2. Nf3 Nc6 3. d4 cxd4 4. Nxd4 Nf6 5. Nc3 e5 6. Ndb5 d6 7. Bg5 a6 8.
Na3 b5 9. Bxf6 gxf6 10. Nd5 f5 11. c3 Bg7 12. exf5 Bxf5 13. Nc2 Be6 14. Nce3
O-O 15. Bd3 f5 16. O-O Ra7 17. a4 Ne7 18. Nxe7+ Rxe7 19. axb5 axb5 20. Bxb5 d5
21. Ra6 Kh8 22. Qa4 f4 23. Nc2 Bc8 24. Ra8 Qd6 25. Qb4 Qf6 26. Rd1 Bb7 27. Ra7
Ref7 28. Be8 Rxe8 29. Rxb7 Rxb7 30. Qxb7 Qg6 31. Ne1 d4 32. cxd4 exd4 33. Qf3
Qb6 34. Nd3 Qb3 35. Re1 Rf8 36. Qd1 Qd5 37. f3 Bh6 38. Qa4 Qf5 39. Re4 Qg6 40.
b4 Rg8 41. Qa2 Qd6 42. Re6 Qf8 43. Qd5 Bg7 44. Re4 Qc8 45. Rxf4 Qc3 46. Qe4 Bh6
47. Rh4 Qa1+ 48. Ne1 Be3+ 49. Kf1 h6 50. f4 Qa6+ 51. Qd3 Qf6 52. g3 Ra8 53. b5
Ra2 54. Nc2 Qe6 55. Rh5 Kg7 56. Rc5 Qh3+ 57. Ke1 Qxh2 58. Rc7+ Kf6 59. Rc6+ Ke7
60. Qh7+ Kd8 61. Qc7+ 1-0

[Event "Bayern-chTT (LL Nord)"]
[Site "Bayern 2008/09"]
[Date "2008.11.30"]
[Round "3.2"]
[White "Lauer, Moritz"]
[Black "Giessmann, Stephan(73)"]
[Result "1-0"]
[WhiteElo "2242"]
[BlackElo "2129"]
[PlyCount "85"]
[EventDate "2009.03.??"]
[EventType "team-tourn"]
[EventRounds "9"]
[WhiteTeam "Puschendorf 1"]
[BlackTeam "Kelheim 1"]

1. e4 e6 2. d4 d5 3. e5 c5 4. c3 Nc6 5. Nf3 Qb6 6. a3 c4 7. Nbd2 f6 8. b3 cxb3
9. Nxb3 g6 10. c4 Bg7 11. Bf4 Nge7 12. exf6 Bxf6 13. c5 Qd8 14. Bd3 O-O 15. Qd2
Nf5 16. Bxf5 exf5 17. O-O Re8 18. Rfe1 Re4 19. Bg5 Bd7 20. Bxf6 Qxf6 21. Ne5
Nxe5 22. dxe5 Qxe5 23. f3 Rxe1+ 24. Rxe1 Qf6 25. Qxd5+ Qf7 26. Qxb7 Re8 27.
Rxe8+ Qxe8 28. Qd5+ Kg7 29. Kf2 Ba4 30. Qd4+ Kg8 31. Qc4+ Kh8 32. Nd4 Bd7 33.
c6 Bc8 34. Qc3 Kg8 35. Qb3+ Kg7 36. Qb8 Kh6 37. Qd6 Qg8 38. Qf4+ Kg7 39. Qe5+
Kh6 40. Kg3 Qd8 41. h4 Qf8 42. Ne2 Ba6 43. Qe3+ 1-0

[Event "Bayern-chTT (LL Nord)"]
[Site "Bayern 2008/09"]
[Date "2008.11.30"]
[Round "3.3"]
[White "Kreuzer, Helmut"]
[Black "Lowitz, Torsten"]
[Result "0-1"]
[WhiteElo "2194"]
[BlackElo "2067"]
[PlyCount "106"]
[EventDate "2009.03.??"]
[EventType "team-tourn"]
[EventRounds "9"]
[WhiteTeam "Kelheim 1"]
[BlackTeam "Puschendorf 1"]

1. d4 Nf6 2. c4 g6 3. Nc3 Bg7 4. e4 d6 5. f3 O-O 6. Be3 c5 7. Nge2 Nc6 8. Qd2
Qa5 9. d5 Ne5 10. Nc1 Re8 11. f4 Neg4 12. Bg1 e6 13. h3 exd5 14. hxg4 Nxe4 15.
Nxe4 Rxe4+ 16. Be2 Qxd2+ 17. Kxd2 dxc4 18. Bf3 Bxb2 19. Rb1 c3+ 20. Kc2 Rxf4
21. Nd3 Ra4 22. Nxb2 cxb2 23. Rxb2 Bxg4 24. Bxb7 Re8 25. Bf3 Bxf3 26. gxf3 Re2+
27. Kb1 Re1+ 28. Kc2 Re2+ 29. Kb1 Rb4 30. Bd4 Rbxb2+ 31. Bxb2 h5 32. Rd1 Re6
33. f4 f6 34. f5 gxf5 35. Rf1 Kf7 36. Rxf5 Kg6 37. Rf1 h4 38. Rf4 Kg5 39. Bc1
Kh5 40. Bb2 h3 41. Bxf6 Re1+ 42. Kc2 h2 43. Rh4+ Kg6 44. Rxh2 Kxf6 45. Kc3 Re4
46. Rh7 a5 47. Rh5 Ke6 48. Rh3 Kd5 49. a3 Kc6 50. Rg3 Kb5 51. Kb3 d5 52. Rh3
a4+ 53. Kc3 Re3+ 0-1

[Event "Bayern-chTT (LL Nord)"]
[Site "Bayern 2008/09"]
[Date "2008.11.30"]
[Round "3.4"]
[White "Diekers, Michael"]
[Black "Fuhrmann, Max(90)"]
[Result "0-1"]
[WhiteElo "2105"]
[BlackElo "2122"]
[PlyCount "54"]
[EventDate "2009.03.??"]
[EventType "team-tourn"]
[EventRounds "9"]
[WhiteTeam "Puschendorf 1"]
[BlackTeam "Kelheim 1"]

1. Nf3 d5 2. d4 Nf6 3. e3 c6 4. Bd3 e6 5. O-O Nbd7 6. c4 dxc4 7. Bxc4 Bd6 8.
Nc3 O-O 9. Qc2 e5 10. Bd3 Re8 11. dxe5 Nxe5 12. Nxe5 Bxe5 13. f4 Bc7 14. Kh1
Bb6 15. Rf3 h5 16. e4 Ng4 17. Nd1 Nxh2 18. Kxh2 Qh4+ 19. Rh3 Bxh3 20. gxh3 Qe1
21. Kg2 Rad8 22. Qe2 Qg1+ 23. Kf3 Rxd3+ 24. Qxd3 Rd8 25. Qxd8+ Bxd8 26. Be3
Qf1+ 27. Kg3 h4+ 0-1

[Event "Bayern-chTT (LL Nord)"]
[Site "Bayern 2008/09"]
[Date "2008.11.30"]
[Round "3.5"]
[White "Eibl, Maximilian"]
[Black "Kotz, Reinhard"]
[Result "0-1"]
[WhiteElo "2013"]
[BlackElo "2075"]
[PlyCount "92"]
[EventDate "2009.03.??"]
[EventType "team-tourn"]
[EventRounds "9"]
[WhiteTeam "Kelheim 1"]
[BlackTeam "Puschendorf 1"]

1. Nf3 c5 2. g3 g6 3. Bg2 Bg7 4. O-O Nc6 5. e4 Nf6 6. Re1 O-O 7. c3 d6 8. d4
Bg4 9. Na3 Rc8 10. Nc2 Qb6 11. b3 Rfd8 12. h3 Bxf3 13. Bxf3 Nd7 14. Be3 Qa5 15.
Qd3 cxd4 16. Bxd4 Nde5 17. Qe3 Nxf3+ 18. Qxf3 Nxd4 19. Nxd4 Rxc3 20. Qd1 Rdc8
21. a3 Qb6 22. Ne2 Rxb3 23. Rc1 Rxc1 24. Qxc1 Qc6 25. Qg5 Bf6 26. Qa5 Qb6 27.
Qxb6 Rxb6 28. Nf4 Kg7 29. Rc1 Bg5 30. Rc7 Bxf4 31. gxf4 Kf6 32. Kg2 a5 33. Rc4
Rb3 34. Ra4 b6 35. f3 h5 36. Kg3 e5 37. h4 Rc3 38. fxe5+ Kxe5 39. Kf2 Kf4 40.
Ke2 Re3+ 41. Kd2 Kxf3 42. Rd4 Rxe4 43. Rxd6 Re6 44. Rd7 Kg3 45. Rd4 f6 46. a4
g5 0-1

[Event "Bayern-chTT (LL Nord)"]
[Site "Bayern 2008/09"]
[Date "2008.11.30"]
[Round "3.6"]
[White "Seregelyes, Csaba"]
[Black "Maurer, Heinrich(46)"]
[Result "1-0"]
[WhiteElo "2056"]
[BlackElo "2063"]
[PlyCount "123"]
[EventDate "2009.03.??"]
[EventType "team-tourn"]
[EventRounds "9"]
[WhiteTeam "Puschendorf 1"]
[BlackTeam "Kelheim 1"]

1. e4 c5 2. Nc3 Nc6 3. g3 d6 4. Bg2 e5 5. d3 Nf6 6. Nge2 Bg4 7. h3 Be6 8. f4 g6
9. g4 exf4 10. Bxf4 Bg7 11. O-O O-O 12. Qd2 Ne8 13. Bh6 Nd4 14. Bxg7 Nxe2+ 15.
Nxe2 Nxg7 16. Nf4 Qh4 17. Qf2 Qxf2+ 18. Rxf2 g5 19. Ne2 h5 20. Bf3 h4 21. c4 f6
22. Nc3 Rad8 23. a3 Ne8 24. Raf1 Kg7 25. Bd1 Nc7 26. Bc2 b6 27. e5 fxe5 28.
Rxf8 Rxf8 29. Rxf8 Kxf8 30. Ne4 Ke7 31. Nxg5 d5 32. b3 e4 33. dxe4 dxe4 34.
Nxe4 Bd7 35. Kf2 Ne6 36. Ke3 Nd4 37. Bd1 Kf7 38. Kf4 Kg6 39. Nd6 Bc6 40. Nf5
Nxf5 41. gxf5+ Kf6 42. Bc2 b5 43. Kg4 a5 44. Kxh4 a4 45. cxb5 axb3 46. Bxb3
Bxb5 47. Kg4 Bd3 48. Be6 c4 49. Kf4 c3 50. Ke3 Bf1 51. h4 Bb5 52. Bc8 Bc4 53.
Bd7 Ba6 54. a4 Bc4 55. Bb5 Bb3 56. a5 Kxf5 57. a6 Bd5 58. Kd3 Kg4 59. Kxc3 Kxh4
60. Kd4 Bf3 61. Kc5 Kg5 62. Bc6 1-0

[Event "Bayern-chTT (LL Nord)"]
[Site "Bayern 2008/09"]
[Date "2008.11.30"]
[Round "3.7"]
[White "Grafl, Pascal"]
[Black "Sarec, Ivica"]
[Result "0-1"]
[WhiteElo "1915"]
[BlackElo "2016"]
[PlyCount "83"]
[EventDate "2009.03.??"]
[EventType "team-tourn"]
[EventRounds "9"]
[WhiteTeam "Kelheim 1"]
[BlackTeam "Puschendorf 1"]

1. e4 c5 2. c3 Nf6 3. e5 Nd5 4. d4 cxd4 5. cxd4 d6 6. Nf3 Nc6 7. Bc4 e6 8. O-O
Be7 9. Qe2 O-O 10. Nc3 Nb6 11. Bd3 Nb4 12. Bb1 Bd7 13. exd6 Bxd6 14. Bxh7+ Kxh7
15. Ng5+ Kg6 16. Nce4 Bb8 17. f4 f5 18. Rf3 fxe4 19. Rg3 Qe8 20. Nxe6+ Kf6 21.
Nxg7 Qc8 22. Qh5 Qc2 23. f5 Ke7 24. Bg5+ Kd6 25. Bf4+ Kd5 26. f6+ Kxd4 27. Be3+
Kc4 28. b3+ Kc3 29. Qc5+ Kb2 30. Bd4+ Ka3 31. Qa5+ Na4 32. bxa4+ Nd3 33. Bc5+
Kb2 34. Bd4+ Ka3 35. Bc3 Bxg3 36. hxg3 Qf2+ 37. Kh2 Rh8+ 38. Nh5 Bg4 39. Be1
Qc5 40. Qxc5+ Nxc5 41. Rb1 Rxh5+ 42. Kg1 0-1

[Event "Bayern-chTT (LL Nord)"]
[Site "Bayern 2008/09"]
[Date "2008.11.30"]
[Round "3.8"]
[White "Steinmueller, Alexander"]
[Black "Singer, Michael"]
[Result "1-0"]
[WhiteElo "2002"]
[BlackElo "1813"]
[PlyCount "97"]
[EventDate "2009.03.??"]
[EventType "team-tourn"]
[EventRounds "9"]
[WhiteTeam "Puschendorf 1"]
[BlackTeam "Kelheim 1"]

1. e4 e6 2. d4 d5 3. Bd3 c5 4. exd5 exd5 5. Qe2+ Qe7 6. dxc5 Qxe2+ 7. Nxe2 Bxc5
8. Nbc3 Ne7 9. Bg5 f6 10. Bf4 O-O 11. Rd1 Nbc6 12. Nxd5 Nxd5 13. Bc4 Ncb4 14.
Bxd5+ Nxd5 15. Rxd5 b6 16. Be3 Bxe3 17. fxe3 Bb7 18. Rd7 Be4 19. Nd4 Rfc8 20.
c3 Rd8 21. Rxd8+ Rxd8 22. Rg1 Kf7 23. g3 Rd5 24. Rf1 g5 25. Rf2 Kg6 26. b4 Re5
27. Kd2 Bd5 28. a4 a6 29. h4 h6 30. h5+ Kf7 31. Nf5 Be6 32. e4 Bxf5 33. exf5
Ke7 34. Re2 Kd6 35. g4 Kd5 36. c4+ Kd4 37. Rxe5 Kxe5 38. Ke3 Kd6 39. Kd4 Kc6
40. c5 b5 41. a5 Kc7 42. Kd5 Kd7 43. c6+ Kc7 44. Kc5 Kc8 45. Kb6 Kb8 46. Kxa6
Kc7 47. Kxb5 Kb8 48. Kc5 Kc7 49. b5 1-0

[Event "Bayern-chTT (LL Nord)"]
[Site "Bayern 2008/09"]
[Date "2008.11.30"]
[Round "3.1"]
[White "Priborsky, Jan"]
[Black "Haba, Zdenek"]
[Result "1-0"]
[WhiteElo "2357"]
[BlackElo "2205"]
[PlyCount "91"]
[EventDate "2009.03.??"]
[EventType "team-tourn"]
[EventRounds "9"]
[WhiteTeam "Kötzting 1"]
[BlackTeam "Kulmbach 1"]

1. e4 c5 2. Nf3 d6 3. g3 Nc6 4. Bg2 Nf6 5. d3 g6 6. O-O Bg7 7. Nh4 d5 8. c3
dxe4 9. dxe4 Qxd1 10. Rxd1 Bg4 11. f3 Bd7 12. Be3 b6 13. Na3 O-O-O 14. f4 Ng4
15. Bd2 Na5 16. Nf3 Ba4 17. Re1 Rd3 18. h3 Nh6 19. Be3 Rhd8 20. Ng5 Bc6 21.
Rac1 Nb7 22. Bf1 R3d7 23. b4 Rc7 24. Nb5 Bxb5 25. Bxb5 cxb4 26. cxb4 Bd4 27.
Rxc7+ Kxc7 28. Rc1+ Kb8 29. Kf2 Bxe3+ 30. Kxe3 Nd6 31. Ba6 Ng8 32. Nxh7 f6 33.
g4 Nh6 34. e5 Ne8 35. Nf8 Nc7 36. Rxc7 Kxc7 37. Ne6+ Kd7 38. Nxd8 Kxd8 39. e6
Kc7 40. Bd3 Kd6 41. g5 Ng8 42. Kd4 fxg5 43. fxg5 Kxe6 44. Bc4+ Kf5 45. Bxg8
Kxg5 46. Ke5 1-0

[Event "Bayern-chTT (LL Nord)"]
[Site "Bayern 2008/09"]
[Date "2008.11.30"]
[Round "3.2"]
[White "Forman, Stepan"]
[Black "Muehlbauer, Andreas(80)"]
[Result "1-0"]
[WhiteElo "2277"]
[BlackElo "2110"]
[PlyCount "95"]
[EventDate "2009.03.??"]
[EventType "team-tourn"]
[EventRounds "9"]
[WhiteTeam "Kulmbach 1"]
[BlackTeam "Kötzting 1"]

1. d4 Nf6 2. Nf3 g6 3. Bf4 Bg7 4. e3 d5 5. Bd3 Nbd7 6. Nbd2 b6 7. Ne5 Nxe5 8.
Bxe5 O-O 9. c3 c5 10. f4 Ne8 11. Bxg7 Nxg7 12. Qf3 Bf5 13. Bxf5 Nxf5 14. g4 Ng7
15. h4 h5 16. gxh5 Nxh5 17. Rg1 Ng7 18. h5 e5 19. O-O-O exd4 20. exd4 cxd4 21.
hxg6 dxc3 22. bxc3 Qf6 23. Qxd5 Rad8 24. Qe5 fxg6 25. Rg4 Qxe5 26. fxe5 Rfe8
27. Re1 Re6 28. Ne4 Rde8 29. Reg1 Nh5 30. Rxg6+ Rxg6 31. Rxg6+ Kf7 32. Rg5 Rh8
33. Nd6+ Ke7 34. Nf5+ Kd7 35. e6+ Kc6 36. e7 Kd7 37. Rg6 Re8 38. Kd2 Nf4 39.
Rd6+ Kc7 40. Ke3 Rxe7+ 41. Kxf4 Re2 42. Rh6 Rxa2 43. Nd4 Ra4 44. Ke4 b5 45. Kd5
a6 46. Ne6+ Kc8 47. Nc5 Rc4 48. Rc6+ 1-0

[Event "Bayern-chTT (LL Nord)"]
[Site "Bayern 2008/09"]
[Date "2008.11.30"]
[Round "3.3"]
[White "Cedikova, Katerina"]
[Black "Vedral, Oldrich"]
[Result "1/2-1/2"]
[WhiteElo "2126"]
[BlackElo "2239"]
[PlyCount "68"]
[EventDate "2009.03.??"]
[EventType "team-tourn"]
[EventRounds "9"]
[WhiteTeam "Kötzting 1"]
[BlackTeam "Kulmbach 1"]

1. d4 d5 2. c4 e6 3. Nc3 c6 4. Nf3 Nf6 5. Qc2 Nbd7 6. e3 Bd6 7. Bd3 O-O 8. O-O
Re8 9. e4 dxc4 10. Bxc4 e5 11. Qb3 Qe7 12. Ng5 Rf8 13. f4 exd4 14. e5 Bc5 15.
Na4 b5 16. Bxf7+ Kh8 17. Nxc5 Nxc5 18. exf6 gxf6 19. Qb4 Qd6 20. Bd2 fxg5 21.
fxg5 a5 22. Bf4 Rxf7 23. Bxd6 Rxf1+ 24. Rxf1 axb4 25. Bxc5 d3 26. Rf3 Be6 27.
Rxd3 Rxa2 28. Bxb4 Bd5 29. Bc3+ Kg8 30. Rd2 Kf7 31. b4 Ra4 32. Kf2 Kg6 33. Rb2
Kxg5 34. Bd4 Ra2 1/2-1/2

[Event "Bayern-chTT (LL Nord)"]
[Site "Bayern 2008/09"]
[Date "2008.11.30"]
[Round "3.4"]
[White "Rehak, Martin"]
[Black "Sott, Pavel"]
[Result "1/2-1/2"]
[WhiteElo "2128"]
[BlackElo "2116"]
[PlyCount "89"]
[EventDate "2009.03.??"]
[EventType "team-tourn"]
[EventRounds "9"]
[WhiteTeam "Kulmbach 1"]
[BlackTeam "Kötzting 1"]

1. d4 Nf6 2. c4 c5 3. d5 e6 4. Nc3 exd5 5. cxd5 g6 6. e4 d6 7. f4 Bg7 8. Bb5+
Nfd7 9. Be2 O-O 10. Nf3 a6 11. a4 Re8 12. O-O Nf6 13. Nd2 Nbd7 14. Bf3 Rb8 15.
Nc4 Qe7 16. a5 b5 17. axb6 Nxb6 18. Na5 Qc7 19. g4 Nfd7 20. g5 c4 21. Nc6 Ra8
22. Be3 Bb7 23. Bd4 Bxc6 24. dxc6 Nc5 25. Bxc5 dxc5 26. e5 Rad8 27. Qe2 Rd4 28.
Be4 Qc8 29. Qg2 Red8 30. Rfd1 h6 31. h4 hxg5 32. hxg5 Re8 33. Kf1 Red8 34. Ke1
Kf8 35. Rxd4 cxd4 36. Na4 Nxa4 37. Rxa4 c3 38. Rc4 cxb2 39. Qxb2 Qg4 40. c7
Qg1+ 41. Ke2 Qe3+ 42. Kd1 Rc8 43. Bb7 Qd3+ 44. Ke1 Qxc4 45. Bxc8 1/2-1/2

[Event "Bayern-chTT (LL Nord)"]
[Site "Bayern 2008/09"]
[Date "2008.11.30"]
[Round "3.5"]
[White "Muehlbauer, Gerhard"]
[Black "Siegert, Wolfgang"]
[Result "1/2-1/2"]
[WhiteElo "1973"]
[BlackElo "1916"]
[PlyCount "42"]
[EventDate "2009.03.??"]
[EventType "team-tourn"]
[EventRounds "9"]
[WhiteTeam "Kötzting 1"]
[BlackTeam "Kulmbach 1"]

1. e4 d6 2. d4 Nf6 3. Bd3 g6 4. c4 Bg7 5. Nc3 O-O 6. Nge2 Nc6 7. f3 Nd7 8. Be3
a6 9. h4 e5 10. d5 Nd4 11. h5 f5 12. hxg6 hxg6 13. Qd2 Nxe2 14. Bxe2 f4 15. Bf2
Bf6 16. O-O-O Bg5 17. Rdg1 Kg7 18. Rh2 Rh8 19. Rgh1 Rxh2 20. Rxh2 Nf6 21. Qe1
Nh5 1/2-1/2

[Event "Bayern-chTT (LL Nord)"]
[Site "Bayern 2008/09"]
[Date "2008.11.30"]
[Round "3.6"]
[White "Fredrich, Viktor"]
[Black "Priborsky, Marek"]
[Result "0-1"]
[WhiteElo "1979"]
[BlackElo "2170"]
[PlyCount "72"]
[EventDate "2009.03.??"]
[EventType "team-tourn"]
[EventRounds "9"]
[WhiteTeam "Kulmbach 1"]
[BlackTeam "Kötzting 1"]

1. d4 Nf6 2. c4 g6 3. Nc3 Bg7 4. e4 d6 5. Bd3 O-O 6. Nge2 Nc6 7. O-O e5 8. d5
Nd4 9. Be3 Ng4 10. Qd2 Qh4 11. h3 Nxe3 12. Qxe3 f5 13. f3 Bd7 14. Qf2 Qg5 15.
Kh1 Qh6 16. Ng1 Bf6 17. exf5 gxf5 18. Nce2 Nxe2 19. Qxe2 f4 20. Qc2 Kh8 21.
Rab1 Rg8 22. Rf2 Bh4 23. Rd2 Rg5 24. b4 Rag8 25. c5 Rh5 26. Rc1 Bg3 27. Bf1 Bf5
28. Qb2 Bh4 29. cxd6 cxd6 30. Rc7 Bf6 31. Qb3 Qg5 32. Ne2 e4 33. fxe4 Bxe4 34.
Ng1 f3 35. Nxf3 Rxh3+ 36. gxh3 Qg1# 0-1

[Event "Bayern-chTT (LL Nord)"]
[Site "Bayern 2008/09"]
[Date "2008.11.30"]
[Round "3.7"]
[White "Novacek, Karel"]
[Black "Schweizer, Wolfgang Dr"]
[Result "1/2-1/2"]
[WhiteElo "1938"]
[BlackElo "1879"]
[PlyCount "81"]
[EventDate "2009.03.??"]
[EventType "team-tourn"]
[EventRounds "9"]
[WhiteTeam "Kötzting 1"]
[BlackTeam "Kulmbach 1"]

1. e4 c6 2. Nc3 d5 3. Nf3 dxe4 4. Nxe4 Bg4 5. Be2 e6 6. O-O Nd7 7. d4 Ngf6 8.
Ng3 Be7 9. b3 O-O 10. Bb2 Re8 11. Re1 g6 12. h3 Bxf3 13. Bxf3 Bf8 14. c4 Bg7
15. Qc2 Rc8 16. Rad1 Qc7 17. Re2 a6 18. Qd2 b6 19. Rde1 Qb8 20. Qb4 c5 21. Qa4
cxd4 22. Bxd4 Qa7 23. Qa3 Nh5 24. Be3 Nxg3 25. fxg3 Bf8 26. Qc1 Bc5 27. Bxc5
Nxc5 28. Qe3 a5 29. Rd2 Red8 30. Red1 Qc7 31. g4 Kg7 32. Qg5 f6 33. Qe3 Kf7 34.
Qh6 Kg8 35. Qe3 Kf7 36. Qc3 Rxd2 37. Qxd2 Ke8 38. Qc3 Ke7 39. g5 Qe5 40. Qxe5
fxe5 41. Kf2 1/2-1/2

[Event "Bayern-chTT (LL Nord)"]
[Site "Bayern 2008/09"]
[Date "2008.11.30"]
[Round "3.8"]
[White "Weiss, Frank(48)"]
[Black "Graf, Eduard"]
[Result "1/2-1/2"]
[WhiteElo "1879"]
[BlackElo "1863"]
[PlyCount "50"]
[EventDate "2009.03.??"]
[EventType "team-tourn"]
[EventRounds "9"]
[WhiteTeam "Kulmbach 1"]
[BlackTeam "Kötzting 1"]

1. e4 c5 2. Nf3 Nc6 3. d3 g6 4. Nbd2 Bg7 5. g3 Nf6 6. Bg2 O-O 7. O-O d6 8. Re1
e5 9. Nf1 Rb8 10. h4 Ng4 11. Ne3 Nxe3 12. Bxe3 Bg4 13. Qd2 Nd4 14. Nh2 Be6 15.
c3 Nc6 16. Nf3 f5 17. Bg5 Qd7 18. exf5 Rxf5 19. Be3 Ne7 20. Ng5 Rf6 21. Nxe6
Qxe6 22. Bg5 Rff8 23. d4 Kh8 24. dxc5 dxc5 25. Rad1 Qf7 1/2-1/2